000 00708nam a2200241Ia 4500
003 OSt
005 20220928103211.0
006 a|||||r|||| 00| 0
007 ta
008 220927b |||||||| |||| 00| 0 eng d
024 _a33398
037 _cTextual
040 _aSDCL
_cSDCL
_beng
041 _2eng
_aeng
082 _aX:9F.2'N71<-N61, MO
100 _aMitra Asok
_9402799
245 0 _aStatus of women
_bShifts in occupational participation 1961-71
260 _aNew Delhi
_bAbhinav Publications
_c1980
300 _a203p
_ccm.
700 _a Pathak Lalit P
_9402800
942 _hX:9F.2'N71<-N61, MO
_cTEXL
_2CC
999 _c718605
_d718605